Decision Making By Australian Property Funds (Record no. 121755)

MARC details
000 -LEADER
fixed length control field 01097cam a2200253 4500
008 - FIXED-LENGTH DATA ELEMENTS--GENERAL INFORMATION
fixed length control field 040913t2013 000 0 eng u
041 ## - LANGUAGE CODE
Language code of text/sound track or separate title eng
110 2# - MAIN ENTRY--CORPORATE NAME
Corporate name or jurisdiction name as entry element Royal Institution of Chartered Surveyors
9 (RLIN) 4900
245 00 - TITLE STATEMENT
Title Decision Making By Australian Property Funds
Medium [electronic resource]
260 ## - PUBLICATION, DISTRIBUTION, ETC.
Place of publication, distribution, etc. London
Name of publisher, distributor, etc. RICS
Date of publication, distribution, etc. 2013
300 ## - PHYSICAL DESCRIPTION
Extent 32p.
490 #0 - SERIES STATEMENT
Series statement RICS Research
520 ## - SUMMARY, ETC.
Summary, etc. This research report investigates how unlisted property fund managers should and how they do make property investment decisions, finding around 70% similarity together with insights into the role of risk-return and behavioural influences in the property investment decision making process
650 24 - SUBJECT ADDED ENTRY--TOPICAL TERM
Topical term or geographic name entry element PROPERTY INVESTMENT
651 #4 - SUBJECT ADDED ENTRY--GEOGRAPHIC NAME
Geographic name Australia
690 ## - LOCAL SUBJECT ADDED ENTRY--TOPICAL TERM (OCLC, RLIN)
Topical term or geographic name as entry element Investments
9 (RLIN) 6250
700 1# - ADDED ENTRY--PERSONAL NAME
Personal name Parker, David
700 1# - ADDED ENTRY--PERSONAL NAME
Personal name Eriksson, Clare
700 1# - ADDED ENTRY--PERSONAL NAME
Personal name Rowlands, James
700 1# - ADDED ENTRY--PERSONAL NAME
Personal name Johal, Amanprit
700 1# - ADDED ENTRY--PERSONAL NAME
Personal name Fielder, Auriel
856 48 - ELECTRONIC LOCATION AND ACCESS
Uniform Resource Identifier <a href="http://www.propertyresearchtrust.org/uploads/1/3/4/8/134819607/australia_property_funds.pdf">http://www.propertyresearchtrust.org/uploads/1/3/4/8/134819607/australia_property_funds.pdf</a>
Public note Available from the Property Research Trust
942 ## - ADDED ENTRY ELEMENTS (KOHA)
Suppress in OPAC 0
Source of classification or shelving scheme Dewey Decimal Classification
Holdings
Withdrawn status Lost status Damaged status Not for loan Home library Current library Shelving location Date acquired Total Checkouts Date last seen Price effective from Koha item type
        Virtual Virtual Online 02/01/2024   02/01/2024 02/01/2024 News article